00757 2200241 4500001002100000005001700021008004100038020002200079035002400101041000800125043001300133082001000146090002100156100002500177245015700202260002700359300003200386504001700418650002100435700002500456850001200481999002200493YOGYA-0711000000086420110718102226.0 ind  a978-979-29-1488-7 0010-071100000000864 aInd aYOPD DIY a363.7 aDEP 363.7bAry D aARYA WARDHANA, Wisnu aDampak pemanasan global : bencana mengancam umat manusia, sebab, akibat, dan usaha penanggulangannnyacWisnu Arya Wardhana ; editor, Dhewiberta Hardjono aYogyakartabAndic2010 axviii, 187 hlmbilusc23 cm ahlm. 171-174 aLingkungan Hidup aHardjono, Dhewiberta aYOPDYOG aCB-D.11 2010-1744